000 00442nam a2200169 i 4500
001 66012
003 ES-MaACL
005 20230906165526.0
007 t|
008 040126s1928 sp ||||1| spa d
100 1 _aFuset Tubiá, J.
_953066
245 1 0 _aManual de zoología /
_cJ. Fuset Tubiá.
250 _a2ª ed.
260 _aBarcelona :
_bBosch,
_c1928 (
_fClarasó)
300 _aXXII, 611 p. ;
_c26 cm.
852 _aES-MaACL
_jA-4290
999 _c66012
_d66012